Logo Biblioteca

El nuevo cine argentino : (Registro nro. 628)

Detalles MARC
000 -LEADER
fixed length control field 02209nam a22002177a 4500
003 - CONTROL NUMBER IDENTIFIER
control field AR-RoUNCS
005 - DATE AND TIME OF LATEST TRANSACTION
control field 20250929125600.0
008 - FIXED-LENGTH DATA ELEMENTS--GENERAL INFORMATION
fixed length control field 250929b2015 ag |||||r|||| 00| 0 spa d
020 ## - INTERNATIONAL STANDARD BOOK NUMBER
International Standard Book Number 978-987-699-292-3
040 ## - CATALOGING SOURCE
Original cataloging agency AR-RoUNCS
Transcribing agency AR-RoUNCS
080 ## - UNIVERSAL DECIMAL CLASSIFICATION NUMBER
Authority record control number or standard number 791(82)"20/21"
100 1# - MAIN ENTRY--PERSONAL NAME
Personal name Daicich, Osvaldo Mario
Dates associated with a name 1975-
Relator term autor
245 13 - TITLE STATEMENT
Title El nuevo cine argentino :
Remainder of title 1995-2010 : vinculación con la industria cultural cinematográfica local e internacional y la sociocultura contemporánea /
Statement of responsibility, etc. Osvaldo Mario Daicich.
250 ## - EDITION STATEMENT
Edition statement 1a ed.
260 ## - PUBLICATION, DISTRIBUTION, ETC.
Place of publication, distribution, etc. Villa María, Córdoba :
Name of publisher, distributor, etc. Eduvim,
Date of publication, distribution, etc. 2015.
300 ## - PHYSICAL DESCRIPTION
Extent 386 p. ;
Dimensions 22 cm.
490 0# - SERIES STATEMENT
Series statement Serie Audiovisual
520 3# - SUMMARY, ETC.
Summary, etc. Un aporte más, pero no cualquier aporte al estudio de lo que se ha dado en llamar Nuevo Cine Argentino. Osvaldo Daicich, oriundo del sur de la provincia de Buenos Aires, Dock Sud, realizó sus estudios y fue docente de la Escuela Internacional de Cine y Televisión en Cuba. Mente inquieta y corazón caliente, terminó su formación cinematográfica nada menos que en Cinecittà de Roma e hizo sus primeras armas profesionales en Madrid, en Canal Plus de España. En aquellos años editó su primer libro sobre cineastas de América Latina, una de su grandes pasiones: el cine de nuestro continente.Juntos hicimos Porotos de Soja -sobre la crisis con los grandes productores del campo por la Resolución 125- y La cocina -sobre la Ley de medios-. Osvaldo demostró el mismo rigor que en su formación académica, además de su pasión por los oficios cinematográficos y la preocupación por las políticas públicas sobre lo audiovisual en Argentina o América Latina.En este libro Daicich suma, a lo dicho, una visión inteligente del académico que es -actualmente dirige el Centro de Producción e Investigación Audiovisual (CePIA) de la Facultad de Ciencias Sociales de la Universidad de Buenos Aires- con la extraordinaria visión apasionada del espectador de cine argentino que siempre fue. Nacido en Avellaneda, supo tener como faro la definición de Fernando Birri: "un cine nacional, realista, crítico y popular". "David "Coco" Blaustein, Cineasta.
650 #4 - SUBJECT ADDED ENTRY--TOPICAL TERM
Topical term or geographic name entry element CINE
Chronological subdivision SIGLO XX
-- SIGLO XXI
Geographic subdivision ARGENTINA
942 ## - ADDED ENTRY ELEMENTS (KOHA)
Source of classification or shelving scheme Universal Decimal Classification
Koha item type Obra General
Suppress in OPAC No
Existencias
Withdrawn status Lost status Source of classification or shelving scheme Damaged status Not for loan Collection Home library Current library Date acquired Source of acquisition Total checkouts Full call number Barcode Date last seen Price effective from Koha item type
    Universal Decimal Classification     Colección General Biblioteca Escuela de Ciencias Sociales Biblioteca Escuela de Ciencias Sociales 29/09/2025 Donación 2023   791(82)"20/21" D132 000145 29/09/2025 29/09/2025 Obra General
Biblioteca de la Escuela Preuniversitaria en Ciencias Sociales y Humanísticas.
Riobamba 250 bis.
CP 2000 - Rosario - Santa Fe
E-Mail: biblioteca@esociales.unr.edu.ar